000 00400nam a2200133 i 4500
001 bg
245 0 _aPrzewodnik do ćwiczeń z geologii inżynierskiej.
_nCz. 1/2,
_pMineralogia i petrografia, ogólna charakterystyka gruntówi wód podziemnych.
260 _aSzczecin,
_c1975.
040 _cBPK
041 _apol
080 _a549+552+556
942 _cKS
008 s pl f |000 0 pol
999 _c47147
_d47147
856 _uhttp://koha.tu.koszalin.pl/cgi-bin/koha/opac-detail.pl?biblionumber=47147
_yKatalog online BPK